Algebraische Transformationsgruppen und Invariantentheorie = Algebraic Transformation Groups and Invariant Theory
Saved in:
| Other Authors: | , , |
|---|---|
| Format: | Book |
| Language: | German |
| Published: |
Basel :
Birkhauser Verlag,
1989.
|
| Series: | DMV Seminar ;
13 |
| Subjects: | |
| Tags: |
Add Tag
No Tags, Be the first to tag this record!
|
MARC
| LEADER | 00000cam a2200000 i 4500 | ||
|---|---|---|---|
| 001 | 1/51745 | ||
| 008 | 950926s1989####sz | | ||| |||| ||ger|| | ||
| 020 | |a 3764322845 | ||
| 020 | |a 0817622845 | ||
| 035 | |a 1995 |c ΚΕΧΑΓΙΑΣ |l 10044227 | ||
| 040 | |a GR-MyUA |b gre |e AACR2 | ||
| 041 | 0 | |a ger | |
| 082 | 0 | |a 512.72 | |
| 245 | 1 | 0 | |a Algebraische Transformationsgruppen und Invariantentheorie = |b Algebraic Transformation Groups and Invariant Theory / |c edited by Hanspeter Kraft, Peter Slodowy and Tonny A. Springer. |
| 246 | 1 | |i Παράλληλος τίτλος: |a Algebraic Transformation Groups and Invariant Theory. | |
| 260 | |a Basel : |b Birkhauser Verlag, |c 1989. | ||
| 300 | |a 211 σ. ; |c 24 εκ. | ||
| 490 | 1 | |a (DMV Seminar |v ; 13) | |
| 500 | |a Περιέχει βιβλιογραφικές παραπομπές και ευρετήριο. | ||
| 650 | 0 | 0 | |a Transformation groups |x Congresses. |
| 650 | 0 | 0 | |a Invariants |x Congresses. |
| 700 | 1 | |a Kraft, Hanspeter, |e edt | |
| 700 | 1 | |a Slodowy, Peter, |e edt | |
| 700 | 1 | |a Springer, T. A. |q (Tonny Albert), |d 1926-2011, |e edt | |
| 830 | 0 | |a DMV Seminar ; |v 13 | |
| 852 | |a INST |b SAMOS |e 19950926 |h 512.72 ALG |p 005300004798 |q 005300004798 |t BK |y 0 | ||
| 909 | |a Σ |b 042457 | ||